000 00626cam a2200241 i 4500
001 108503
005 20230410105353.0
008 130109s2005 bl aa 000 0 por |
020 _a9788502048683
020 _a8502048686
041 0 _apor
050 1 4 _aHB 179
_bP494e 2005
100 1 _aPetrelli Gastaldi, J.
245 1 0 _aElementos de economia politica /
_cJose Petrelli Gastaldi
250 _a19a ed.
260 _aSao Paulo :
_bEditora Saraiva,
_c2005
300 _a480 p. :
_bill.,
_c24 cm
650 0 _aEconomics
650 4 _aEconomia
650 4 _aEconomía política.
942 _2lcc
_cbk
946 _adpf
999 _c35302
_d35302